01861cam a22005174i 4500003000900000005001700009008004100026020001500067020001800082035002700100040003300127041001300160082001700173100002600190245005700216264003700273300005900310336002100369337002500390338002300415490003700438504004700475505049300522526001001015526001001025526000901035526000901044526000901053526000901062526000901071526000901080526000801089526000801097526000801105526000801113526000801121526000801129526000801137526000801145534005201153541001701205650002701222650003301249650003301282700002801315PE-LiUPU20250731180109.0150604s1991 sp a r 001 0 spa d a8429140875 a9788429140873 a(Sirsi) i9788429140873 aPE-LiUPUbspacPE-LiUPUerda1 aspahrus04a532bL232191 aLandau, L.D.,eautor.10aMecánica de fluidos /cL.D. Landau, E.M. Lifshitz. 1aBarcelona :bReverté,c[1991]. axi, 623 páginas :bilustraciones ;c21 centímetros atext2rdacontent aunmediated2rdamedia avolume2rdacarrier0 aCurso de física teórica ;v6 aÍndice alfabético : páginas 615-623.0 aFluidos ideales -- Fluidos viscosos -- Turbulencia -- Capas límites -- Conducción térmica en los fluidos -- Difusión -- Fenómenos superficiales -- Sonido -- Ondas de choque -- Flujo gaseoso monodimensional -- Intersección de superficies de discontinuidad -- Flujo gaseoso bidimensional -- Flujo que rodea a cuerpos finitos -- Dinámica de fluidos de la combustión -- Dinámica relativista de fluidos -- Dinámica de superfluidos -- Fluctuaciones en dinámica de fluidos. aSEG44 aSEG26 aP159 aP155 aP154 aP153 aP150 aP100 aP31 aP30 aP26 aP25 aP24 aP22 aP15 aP10 pTítulo original :tMekhanika sploshnykh sred. g043-0014413; 4aMecánica de fluidos. 7aDinámica de fluidos2embne 7aMecánica de fluidos2embne1 aLifshitz, E.M.,eautor.